<?xml version="1.0" encoding="UTF-8"?>
<record
    xmlns:xsi="http://www.w3.org/2001/XMLSchema-instance"
    xsi:schemaLocation="http://www.loc.gov/MARC21/slim http://www.loc.gov/standards/marcxml/schema/MARC21slim.xsd"
    xmlns="http://www.loc.gov/MARC21/slim">

  <leader>01274nam a22002537a 4500</leader>
  <datafield tag="999" ind1=" " ind2=" ">
    <subfield code="c">21974</subfield>
    <subfield code="d">21974</subfield>
  </datafield>
  <controlfield tag="003">AR-CdUCM</controlfield>
  <controlfield tag="008">190425b           ||||| |||| 00| 0 spa d</controlfield>
  <datafield tag="040" ind1=" " ind2=" ">
    <subfield code="a">MUNICIPALIDAD PROVINCIAL DEL CUSCO</subfield>
    <subfield code="c">BIBLIOTECA MUNICIPAL DEL CUSCO</subfield>
  </datafield>
  <datafield tag="082" ind1=" " ind2=" ">
    <subfield code="a">Rev.Eco/N&#xB0;5/1977</subfield>
  </datafield>
  <datafield tag="110" ind1=" " ind2=" ">
    <subfield code="a">Universidad Nacional de San Antonio Abad del Cusco</subfield>
    <subfield code="9">15942</subfield>
  </datafield>
  <datafield tag="245" ind1=" " ind2=" ">
    <subfield code="a">Revista de Econom&#xED;a :</subfield>
    <subfield code="b">&#xD3;rgano del Programa Acad&#xE9;mico de Econom&#xED;a /</subfield>
  </datafield>
  <datafield tag="260" ind1=" " ind2=" ">
    <subfield code="a">Cusco :</subfield>
    <subfield code="b">&#xD3;rgano del Programa Acad&#xE9;mico de Econom&#xED;a,</subfield>
    <subfield code="c">1977.</subfield>
  </datafield>
  <datafield tag="300" ind1=" " ind2=" ">
    <subfield code="a"> 44 hojas. :</subfield>
    <subfield code="c">29 cm.</subfield>
  </datafield>
  <datafield tag="440" ind1=" " ind2=" ">
    <subfield code="a">Revista de Econom&#xED;a.</subfield>
    <subfield code="n">N&#xFA;mero 5, a&#xF1;o 1977</subfield>
    <subfield code="9">47028</subfield>
  </datafield>
  <datafield tag="505" ind1=" " ind2=" ">
    <subfield code="a">Contenido: Empresas transnacionales y estados receptores. Raymundo Rustrian. -- La estabilidad del balance externo, El tipo de cambio y las pol&#xED;ticas tarifarias, interpretaci&#xF3;n del caso peruano. Alfredo Mariscal. -- El oro negro y el peligroso desequilibrio econ&#xF3;mico. Luis Alberto Paliza Gallegos. -- &#xC9;xito de una cooperativa. Luis Alberto Paliza Gallegos.</subfield>
  </datafield>
  <datafield tag="650" ind1=" " ind2=" ">
    <subfield code="a">Empresas Transnacionales</subfield>
    <subfield code="9">47029</subfield>
  </datafield>
  <datafield tag="650" ind1=" " ind2=" ">
    <subfield code="a">Econom&#xED;a Pol&#xED;tica</subfield>
    <subfield code="9">1408</subfield>
  </datafield>
  <datafield tag="650" ind1=" " ind2=" ">
    <subfield code="a">Cooperativa</subfield>
    <subfield code="9">38558</subfield>
  </datafield>
  <datafield tag="700" ind1=" " ind2=" ">
    <subfield code="a">Rustrian, Raymundo </subfield>
    <subfield code="9">47030</subfield>
  </datafield>
  <datafield tag="700" ind1=" " ind2=" ">
    <subfield code="a">Mariscal, Alfredo </subfield>
    <subfield code="9">47031</subfield>
  </datafield>
  <datafield tag="700" ind1=" " ind2=" ">
    <subfield code="a">Paliza Gallegos, Luis Alberto</subfield>
    <subfield code="9">23827</subfield>
  </datafield>
  <datafield tag="942" ind1=" " ind2=" ">
    <subfield code="2">ddc</subfield>
    <subfield code="c">PP</subfield>
  </datafield>
  <datafield tag="945" ind1=" " ind2=" ">
    <subfield code="a">vhl</subfield>
  </datafield>
  <datafield tag="952" ind1=" " ind2=" ">
    <subfield code="0">0</subfield>
    <subfield code="2">ddc</subfield>
    <subfield code="4">0</subfield>
    <subfield code="7">0</subfield>
    <subfield code="a">HEM</subfield>
    <subfield code="b">HEM</subfield>
    <subfield code="c">CART</subfield>
    <subfield code="d">2022-01-24</subfield>
    <subfield code="g">5.00</subfield>
    <subfield code="o">Rev.Eco/N&#xB0;5/1977</subfield>
    <subfield code="p">REVC000475</subfield>
    <subfield code="r">2022-01-24</subfield>
    <subfield code="y">PP</subfield>
  </datafield>
  <datafield tag="952" ind1=" " ind2=" ">
    <subfield code="0">0</subfield>
    <subfield code="2">ddc</subfield>
    <subfield code="4">0</subfield>
    <subfield code="7">0</subfield>
    <subfield code="a">HEM</subfield>
    <subfield code="b">HEM</subfield>
    <subfield code="c">CART</subfield>
    <subfield code="d">2022-01-24</subfield>
    <subfield code="g">5.00</subfield>
    <subfield code="o">Rev.Eco/N&#xB0;5/1977/e.2</subfield>
    <subfield code="p">REVC000476</subfield>
    <subfield code="r">2022-01-24</subfield>
    <subfield code="y">PP</subfield>
  </datafield>
</record>
